| 000 | 01016nam a22002897a 4500 | ||
|---|---|---|---|
| 001 | 4773 | ||
| 003 | FISKH | ||
| 005 | 20250327082943.0 | ||
| 008 | 241010b cb ||||| |||| 00| 0 eng d | ||
| 020 | _a9780545081061 | ||
| 040 |
_aFISKH _beng _cFISKH _dFISKH |
||
| 050 | _aPZ7.L856 | ||
| 082 | _a813.6 | ||
| 100 |
_aLong, Melinda _d(1960-) |
||
| 245 |
_aPirates don't change diapers / _cWritten by Melinda Long Illustrated by David Shannon |
||
| 250 | _aFirst printing in 2008 | ||
| 260 |
_aOrlando : _bScholastic, _c2007. |
||
| 300 |
_a30 pages : _bColor illustrations ; _c28 cm |
||
| 505 | _aJ | ||
| 520 | _aBraid Beard and his pirate crew return to retrieve the treasure they buried in Jeremy Jacob's backyard, but first they must help calm his baby sister, Bonney Anne, whom they awoke from her nap. | ||
| 521 | 8 |
_a500L
_bLexile |
|
| 521 | 8 |
_aJ
_bRaz-Plus |
|
| 650 |
_2Family _aBabysitting |
||
| 650 |
_2Treasure _aPirates _vSiblings |
||
| 700 |
_aShannon, David _dIllustrator |
||
| 942 |
_2ddc _cBK _n0 |
||
| 999 |
_c4773 _d4773 |
||